000 01046nam a2200313 i 4500
003 EG-GICUC
005 20260420153621.0
008 260420s1929 fr fr|||| 00| 0 fre d
040 _aEG-GiCUC
_bfre
_cEG-GiCUC
_dEG-GiCUC
_eRda
041 _afre
082 0 4 _221
_a343.5
_bRE . T
092 0 4 _221
099 _aLaw1 10 343.5 RE . T 1929
100 1 _a Garraud, René,
_eAuteur
245 1 0 _aTraité Théorique Et Pratique D'instruction Criminelle Et De Procédure Pénale /
_c par René Garraud et Pierre Garraud.
_n Tome sixième
264 1 _a Paris :
_b Librairie du Recueil Sirey,
_c1929.
300 _a491page ;
_c 24 cm.
336 _2rda contenu
_a texte
337 _2rda medias
_aOrdinateur
338 _2 transporteur rda
_a Ressource en ligne
490 _3 Tome sixième
546 _aTexte en français
650 1 _aDroit pénal
_2qrmak
651 1 _2qrmak
700 1 _a Garraud, Pierre,
_eCo-Auteur
856 4 0 _uhttps://fll.law.cu.edu.eg/fulltext/bks/B10-10614.pdf
905 _a167
942 _2ddc
_cBK
_e21
_n0
999 _c72286
_d72286